[Event "Asuncion Preclasificatorio Mayor"]
[Site "Asuncion"]
[Date "2011.07.16"]
[Round "4"]
[White "Lopez, Francisco1"]
[Black "Chaves, Nicolas"]
[Result "0-1"]
[WhiteElo "1706"]
[BlackElo "1826"]
[PlyCount "113"]
[EventDate "2011.07.02"]
[EventType "swiss"]
[EventRounds "7"]
[EventCountry "PAR"]
[SourceTitle "EXT 2023"]
[Source "ChessBase"]
[SourceDate "2022.10.05"]
[SourceVersion "1"]
[SourceVersionDate "2022.10.05"]
[SourceQuality "1"]

1. e4 e6 2. b3 d5 3. Bb2 Nf6 4. e5 Nfd7 5. Qg4 c5 6. f4 h5 7. Qg3 b6 8. Nf3 Ba6 9. c4 d4 10. Bd3 Nc6 11. Ng5 Be7 12. Nxe6 Bh4 13. Nxd8 Bxg3+ 14. hxg3 Rxd8 15. Na3 Nf8 16. Nc2 Bc8 17. 0-0-0 Ne7 18. Rde1 Nf5 19. g4 Ng3 20. Rh3 h4 21. f5 g6 22. b4 gxf5 23. gxf5 Bxf5 24. Rxg3 hxg3 25. Bxf5 Rh5 26. Bh3 Ng6 27. bxc5 bxc5 28. Ba3 Nf4 29. Bg4 Rg5 30. Bf3 Nd3+ 31. Kd1 Nxe1 32. Nxe1 Rxe5 33. Nd3 Rf5 34. Bc6+ Ke7 35. Bxc5+ Rxc5 36. Nxc5 Rc8 37. Nb3 Rxc6 38. Nxd4 Rxc4 39. Nf5+ Ke6 40. Nxg3 Ra4 41. Ne2 Rxa2 42. Nc3 Ra5 43. Ke2 Rg5 44. Kf3 a5 45. g4 Ke5 46. Nb5 Rg8 47. d3 a4 48. d4+ Kd5 49. Nc3+ Kxd4 50. Nxa4 Rb8 51. Kf4 Rb5 52. g5 Kc4 53. Kg4 Kb3 54. Kh5 Kxa4 55. Kh6 Kb4 56. Kg7 Rxg5+ 57. Kxf7 0-1

[Event "Asuncion Preclasificatorio Mayor"]
[Site "Asuncion"]
[Date "2011.07.10"]
[Round "3"]
[White "Chaves, Nicolas"]
[Black "Herrero, Juan Luis"]
[Result "1/2-1/2"]
[WhiteElo "1826"]
[BlackElo "1334"]
[PlyCount "72"]
[EventDate "2011.07.02"]
[EventType "swiss"]
[EventRounds "7"]
[EventCountry "PAR"]
[SourceTitle "EXT 2023"]
[Source "ChessBase"]
[SourceDate "2022.10.05"]
[SourceVersion "1"]
[SourceVersionDate "2022.10.05"]
[SourceQuality "1"]

1. Nf3 Nf6 2. c4 g6 3. Nc3 Nc6 4. g3 Bg7 5. Bg2 d6 6. d3 0-0 7. 0-0 e5 8. Bg5 Be6 9. Ne1 Qd7 10. Nc2 h6 11. Bd2 Kh7 12. Ne3 Nd4 13. Ned5 c6 14. Nxf6+ Bxf6 15. Ne4 Bg7 16. e3 Nf5 17. Qa4 Ne7 18. Bb4 Nc8 19. Qa3 c5 20. Bc3 f5 21. Nd2 f4 22. exf4 exf4 23. Bxg7 Kxg7 24. Qc3+ Kh7 25. Ne4 Qe7 26. d4 cxd4 27. Qxd4 f3 28. Bh1 Nb6 29. Qxd6 Qxd6 30. Nxd6 Nxc4 31. Nxc4 Bxc4 32. Rfc1 Rac8 33. Rc3 Be2 34. Rac1 Rxc3 35. Rxc3 Rd8 36. Bxf3 Rd1+ 1/2-1/2

[Event "Asuncion La Pergola Jardin op"]
[Site "Asuncion"]
[Date "2011.01.25"]
[Round "6"]
[White "Chaves, Nicolas"]
[Black "Rezende, Guilherme Vilela"]
[Result "1/2-1/2"]
[WhiteElo "1794"]
[BlackElo "1975"]
[PlyCount "65"]
[EventDate "2011.01.17"]
[EventType "swiss"]
[EventRounds "7"]
[EventCountry "PAR"]
[SourceTitle "EXT 2012"]
[Source "ChessBase"]
[SourceDate "2011.11.24"]
[SourceVersion "1"]
[SourceVersionDate "2011.11.24"]
[SourceQuality "1"]

1. Nf3 c5 2. g3 d5 3. Bg2 Nf6 4. 0-0 Nc6 5. d3 g6 6. c4 d4 7. Bg5 Bg7 8. Nbd2 h6 9. Bxf6 exf6 10. Rb1 f5 11. a3 a5 12. Ne1 0-0 13. Nc2 Re8 14. b4 axb4 15. axb4 cxb4 16. Nxb4 Nxb4 17. Rxb4 Qe7 18. Qb1 Ra1 19. Qb2 Ra2 20. Qxa2 Qxb4 21. Rb1 Qc3 22. Bf3 g5 23. Qa4 Re7 24. Qa8 Re8 25. Rxb7 Qxd2 26. Rb8 Qe1+ 27. Kg2 g4 28. Bxg4 fxg4 29. Rxc8 Rf8 30. Rxf8+ Bxf8 31. Qe4 h5 32. Qe5 Bg7 33. Qe8+ 1/2-1/2

[Event "Asuncion La Pergola Jardin op"]
[Site "Asuncion"]
[Date "2011.01.21"]
[Round "4"]
[White "Chaves, Nicolas"]
[Black "Chang, Suzana"]
[Result "0-1"]
[WhiteElo "1794"]
[BlackElo "2028"]
[PlyCount "98"]
[EventDate "2011.01.17"]
[EventType "swiss"]
[EventRounds "7"]
[EventCountry "PAR"]
[SourceTitle "EXT 2012"]
[Source "ChessBase"]
[SourceDate "2011.11.24"]
[SourceVersion "1"]
[SourceVersionDate "2011.11.24"]
[SourceQuality "1"]

1. Nf3 Nf6 2. d4 g6 3. Bf4 Bg7 4. e3 c5 5. c4 cxd4 6. exd4 0-0 7. Nc3 d5 8. Be2 Nc6 9. 0-0 dxc4 10. Bxc4 Bg4 11. d5 Na5 12. Be2 Bxf3 13. Bxf3 Rc8 14. Re1 Nc4 15. Qb3 b6 16. Rac1 a6 17. Qb4 Re8 18. b3 Nb2 19. Qd4 Nxd5 20. Qxd5 Bxc3 21. Re3 Qxd5 22. Bxd5 Bd2 23. Rb1 Bxe3 24. Bxe3 Red8 25. Bb7 Rb8 26. Bxa6 Rd1+ 27. Rxd1 Nxd1 28. Bd4 Ra8 29. Bc4 Rxa2 30. Kf1 Nb2 31. Bxb6 Nxc4 32. bxc4 Rc2 33. c5 Kf8 34. g4 Ke8 35. Kg2 Kd7 36. Kg3 e5 37. Kf3 f5 38. gxf5 gxf5 39. Ba7 Ke6 40. Kg3 Kd5 41. f3 f4+ 42. Kg4 Rxh2 43. Kf5 Rh5+ 44. Kg4 Rh6 45. Bb8 Rf6 46. Kg5 Rf7 47. c6 Ke6 48. Kh6 Kf5 49. c7 Rf6+ 0-1

[Event "Asuncion La Pergola Jardin op"]
[Site "Asuncion"]
[Date "2011.01.17"]
[Round "1"]
[White "Butti, Enrique"]
[Black "Chaves, Nicolas"]
[Result "1/2-1/2"]
[WhiteElo "2071"]
[BlackElo "1794"]
[PlyCount "49"]
[EventDate "2011.01.17"]
[EventType "swiss"]
[EventRounds "7"]
[EventCountry "PAR"]
[SourceTitle "EXT 2012"]
[Source "ChessBase"]
[SourceDate "2011.11.24"]
[SourceVersion "1"]
[SourceVersionDate "2011.11.24"]
[SourceQuality "1"]

1. d4 Nf6 2. Bg5 d5 3. Bxf6 gxf6 4. e3 e6 5. Nd2 c5 6. c3 b6 7. Bb5+ Bd7 8. Bd3 Bc6 9. Ne2 Bd6 10. Ng3 f5 11. Qh5 Qf6 12. 0-0 Qg6 13. f4 Nd7 14. Nf3 Nf6 15. Qh3 Qg4 16. Ne5 Qxh3 17. gxh3 Bd7 18. a4 Ke7 19. Bb5 a6 20. Bxd7 Nxd7 21. Kf2 Nf6 22. b4 c4 23. Nc6+ Kd7 24. Ne5+ Ke7 25. Nc6+ 1/2-1/2

[Event "Asuncion Prieto Memorial op"]
[Site "Asuncion"]
[Date "2011.01.13"]
[Round "8"]
[White "Coronel, Dario"]
[Black "Chaves, Nicolas"]
[Result "1-0"]
[WhiteElo "1982"]
[BlackElo "1794"]
[PlyCount "77"]
[EventDate "2011.01.06"]
[EventType "swiss"]
[EventRounds "9"]
[EventCountry "PAR"]
[SourceTitle "EXT 2012"]
[Source "ChessBase"]
[SourceDate "2011.11.24"]
[SourceVersion "1"]
[SourceVersionDate "2011.11.24"]
[SourceQuality "1"]

1. e4 Nc6 2. c4 e5 3. Nc3 g6 4. Nf3 Bg7 5. Be2 Nge7 6. 0-0 0-0 7. d3 d6 8. a3 a5 9. Rb1 f5 10. b4 axb4 11. axb4 Be6 12. b5 Nb8 13. Ng5 Bf7 14. Bf3 Qc8 15. Nxf7 Rxf7 16. exf5 gxf5 17. Nd5 Nd7 18. Bg5 Nf6 19. Bxf6 Bxf6 20. Qd2 Kh8 21. Nxf6 Rxf6 22. Qg5 Rf7 23. Ra1 Qb8 24. g3 Ra7 25. Bh5 Rg7 26. Qf6 f4 27. Rxa7 Qxa7 28. Bf7 fxg3 29. hxg3 Qd4 30. Qxe7 Rxg3+ 31. Kh2 Rg2+ 32. Kxg2 Qg4+ 33. Kh2 Qf4+ 34. Kh3 Qf3+ 35. Kh4 Qf4+ 36. Kh5 Qf5+ 37. Qg5 Qh3+ 38. Qh4 Qxf1 39. Qf6# 1-0

[Event "Asuncion Prieto Memorial op"]
[Site "Asuncion"]
[Date "2011.01.11"]
[Round "6"]
[White "Chaves, Nicolas"]
[Black "Almiron, Antonio"]
[Result "1/2-1/2"]
[WhiteElo "1794"]
[BlackElo "2140"]
[PlyCount "83"]
[EventDate "2011.01.06"]
[EventType "swiss"]
[EventRounds "9"]
[EventCountry "PAR"]
[SourceTitle "EXT 2012"]
[Source "ChessBase"]
[SourceDate "2011.11.24"]
[SourceVersion "1"]
[SourceVersionDate "2011.11.24"]
[SourceQuality "1"]

1. Nf3 c5 2. c3 Nf6 3. d4 e6 4. Bf4 b6 5. e3 Bb7 6. Nbd2 cxd4 7. exd4 Be7 8. Bd3 0-0 9. 0-0 d6 10. h3 Nbd7 11. Qe2 Re8 12. Rfe1 e5 13. Bh2 Bf8 14. dxe5 dxe5 15. Ng5 h6 16. Nge4 Nd5 17. Bc2 Rc8 18. Rad1 Qc7 19. Bb3 Rcd8 20. Qc4 Bc6 21. Nf3 b5 22. Qe2 N7b6 23. Rd2 Nf4 24. Bxf4 exf4 25. Rxd8 Qxd8 26. Qc2 a5 27. a3 a4 28. Ba2 Nc4 29. Bxc4 bxc4 30. Nd4 Bd7 31. Re2 Qa8 32. Nd2 Rxe2 33. Nxe2 Qd5 34. Nf3 g5 35. Qd2 Qe6 36. Ned4 Qd5 37. Qe1 Qb7 38. Ne5 Bc8 39. Qe2 Qe7 40. Nec6 Qc5 41. Qe8 Bb7 42. Nd8 1/2-1/2

[Event "PAR-ch"]
[Site "Asuncion"]
[Date "2010.07.04"]
[Round "9"]
[White "Chaves, Nicolas"]
[Black "Toledo, Orlando"]
[Result "1/2-1/2"]
[WhiteElo "1700"]
[BlackElo "1784"]
[PlyCount "75"]
[EventDate "2010.06.12"]
[EventType "swiss"]
[EventRounds "9"]
[EventCountry "PAR"]
[SourceTitle "CBM 137 Extra"]
[Source "ChessBase"]
[SourceDate "2010.09.01"]
[SourceVersion "1"]
[SourceVersionDate "2010.09.01"]
[SourceQuality "1"]

1. e4 Nf6 2. Bc4 e5 3. Nc3 Nc6 4. Nf3 Bb4 5. d3 0-0 6. 0-0 Bxc3 7. bxc3 d5 8. Bb5 Bg4 9. h3 Bxf3 10. Qxf3 Qd6 11. Bg5 dxe4 12. dxe4 Nd7 13. Qf5 Nb6 14. Rfd1 Qg6 15. Qxg6 hxg6 16. Rd3 f6 17. Be3 Rfd8 18. Rad1 Rxd3 19. Rxd3 Rd8 20. Bxc6 Rxd3 21. cxd3 bxc6 22. Bxb6 cxb6 23. f3 Kf7 24. Kf2 b5 25. Ke3 Ke6 26. d4 Kd6 27. Kd3 c5 28. d5 g5 29. Kc2 a5 30. a3 Ke7 31. Kb3 c4+ 32. Kb2 a4 33. Kc2 Kf7 34. Kd2 Ke7 35. Ke3 Kd7 36. g3 g6 37. g4 Ke7 38. Kd2 1/2-1/2

[Event "PAR-ch"]
[Site "Asuncion"]
[Date "2010.06.27"]
[Round "7"]
[White "Saldana, Fernando Javier"]
[Black "Chaves, Nicolas"]
[Result "1/2-1/2"]
[WhiteElo "1833"]
[BlackElo "1700"]
[PlyCount "169"]
[EventDate "2010.06.12"]
[EventType "swiss"]
[EventRounds "9"]
[EventCountry "PAR"]
[SourceTitle "CBM 137 Extra"]
[Source "ChessBase"]
[SourceDate "2010.09.01"]
[SourceVersion "1"]
[SourceVersionDate "2010.09.01"]
[SourceQuality "1"]

1. e4 e6 2. d4 d5 3. Nc3 dxe4 4. Nxe4 Nd7 5. Nf3 Ngf6 6. Nxf6+ Nxf6 7. Bd3 c5 8. 0-0 cxd4 9. Nxd4 Bc5 10. Nb3 Bd6 11. Bg5 h6 12. Bh4 Qc7 13. Bg3 Bd7 14. Bxd6 Qxd6 15. Qe2 0-0 16. Rad1 Qf4 17. Qd2 Qg4 18. Be2 Qg6 19. Bf3 Rac8 20. c3 Bc6 21. Bxc6 Rxc6 22. Rfe1 Rc4 23. Qd3 Qxd3 24. Rxd3 Ra4 25. a3 Ra6 26. Re2 Rc8 27. f3 Rb6 28. Nc1 Kf8 29. Kf2 Ke7 30. Red2 Rcc6 31. Rd4 Rd6 32. Rxd6 Rxd6 33. Ke2 Nd5 34. g3 Nb6 35. Rxd6 Kxd6 36. b3 Nd7 37. Ke3 Nc5 38. b4 Na4 39. c4 Nb2 40. c5+ Kd5 41. Ke2 Nc4 42. Kd3 Nxa3 43. Ne2 Nb5 44. Nf4+ Ke5 45. Ne2 a6 46. Kc4 g5 47. Kd3 Kd5 48. f4 f6 49. h3 e5 50. fxe5 fxe5 51. g4 Nd4 52. Nc3+ Ke6 53. Ke4 Nb3 54. Ne2 Nd2+ 55. Ke3 Nb3 56. Ke4 Nd2+ 57. Ke3 Nb3 58. Ke4 a5 59. Kd3 axb4 60. Kc4 Nd2+ 61. Kxb4 Ne4 62. Kc4 Nf2 63. Ng1 Nd1 64. Ne2 Nf2 65. Ng1 Nd1 66. Ne2 Ne3+ 67. Kd3 Nd5 68. Ke4 Nf6+ 69. Ke3 Kd5 70. Ng3 Kxc5 71. Nf5 b5 72. Nxh6 Nd5+ 73. Kd2 Nf4 74. Nf7 Nxh3 75. Nxe5 Kd4 76. Nf7 b4 77. Kc2 Kc4 78. Ne5+ Kd4 79. Nf3+ Kc4 80. Ne5+ Kd4 81. Nf3+ Kd5 82. Kb3 Ke4 83. Nxg5+ Nxg5 84. Kxb4 Kf4 85. Kb5 1/2-1/2

[Event "PAR-ch"]
[Site "Asuncion"]
[Date "2010.06.13"]
[Round "3"]
[White "Zarate, Fernandoh"]
[Black "Chaves, Nicolas"]
[Result "0-1"]
[WhiteElo "1662"]
[BlackElo "1700"]
[PlyCount "96"]
[EventDate "2010.06.12"]
[EventType "swiss"]
[EventRounds "9"]
[EventCountry "PAR"]
[SourceTitle "CBM 137 Extra"]
[Source "ChessBase"]
[SourceDate "2010.09.01"]
[SourceVersion "1"]
[SourceVersionDate "2010.09.01"]
[SourceQuality "1"]

1. e4 e6 2. d4 d5 3. Nc3 dxe4 4. Nxe4 Nd7 5. Nf3 Ngf6 6. Nc3 c5 7. Be3 Qb6 8. h3 cxd4 9. Bxd4 Bc5 10. Be2 Bxd4 11. Nxd4 Nc5 12. 0-0 0-0 13. Qd2 Rd8 14. Qe3 Bd7 15. a4 Be8 16. Ncb5 Nd5 17. Qg3 Bxb5 18. a5 Ne4 19. axb6 Nxg3 20. fxg3 Bxe2 21. Nxe2 Nxb6 22. Rfd1 a6 23. b3 Kf8 24. Rd4 Rxd4 25. Nxd4 Rd8 26. Rd1 Ke7 27. c4 g6 28. Rd2 e5 29. Nf3 Rxd2 30. Nxd2 Nd7 31. Ne4 h6 32. Nc3 Nc5 33. Nd5+ Kd6 34. b4 Nd3 35. Kf1 b5 36. Ke2 bxc4 37. Ne3 Nxb4 38. Nxc4+ Kd5 39. Ne3+ Ke4 40. Ng4 h5 41. Nh6 f5 42. Ng8 a5 43. Nf6+ Kd4 44. Ng8 a4 45. Kd2 a3 46. Kc1 a2 47. Kb2 e4 48. Ne7 e3 0-1

[Event "PAR-ch"]
[Site "Asuncion"]
[Date "2010.06.12"]
[Round "2"]
[White "Chaves, Nicolas"]
[Black "Vera Irala, Carlos Marcelo"]
[Result "1/2-1/2"]
[WhiteElo "1700"]
[BlackElo "1886"]
[PlyCount "84"]
[EventDate "2010.06.12"]
[EventType "swiss"]
[EventRounds "9"]
[EventCountry "PAR"]
[SourceTitle "CBM 137 Extra"]
[Source "ChessBase"]
[SourceDate "2010.09.01"]
[SourceVersion "1"]
[SourceVersionDate "2010.09.01"]
[SourceQuality "1"]

1. e4 Nf6 2. Bc4 Nxe4 3. Bxf7+ Kxf7 4. Qh5+ g6 5. Qd5+ e6 6. Qxe4 d5 7. Qf4+ Ke8 8. Nf3 Bd6 9. Qh6 Qf6 10. d4 Nc6 11. Bg5 Qf7 12. Nc3 Rf8 13. Nb5 a6 14. Nxd6+ cxd6 15. Be3 Rh8 16. Ng5 Qf8 17. Qh4 h6 18. Nf3 g5 19. Qg3 Nb4 20. Kd2 Qf5 21. Ne1 Ke7 22. h4 g4 23. Bf4 e5 24. dxe5 dxe5 25. Bxe5 Re8 26. Nd3 Nxd3 27. cxd3 Be6 28. Rac1 Rac8 29. Qf4 Qxf4+ 30. Bxf4 Rf8 31. g3 h5 32. Rc3 Rxc3 33. bxc3 Kd7 34. Re1 Rf5 35. Rb1 Kc6 36. Be3 b5 37. a4 Rf7 38. axb5+ axb5 39. Ra1 Rb7 40. Ra6+ Kd7 41. Bc5 Bf7 42. Rd6+ Ke8 1/2-1/2

[Event "Asuncion Roggio Cup-C 3rd"]
[Site "Asuncion"]
[Date "2010.05.27"]
[Round "7"]
[White "Chaves, Nicolas"]
[Black "Heinrichs, Vivian"]
[Result "0-1"]
[WhiteElo "1700"]
[BlackElo "1870"]
[PlyCount "42"]
[EventDate "2010.05.20"]
[EventType "swiss"]
[EventRounds "9"]
[EventCountry "PAR"]
[SourceTitle "CBM 136 Extra"]
[Source "ChessBase"]
[SourceDate "2010.07.02"]
[SourceVersion "2"]
[SourceVersionDate "2010.07.15"]
[SourceQuality "1"]

1. d4 d5 2. c4 Bf5 3. Qb3 e5 4. dxe5 dxc4 5. Qxb7 Nd7 6. e6 Bxe6 7. Nc3 Bc5 8. Bg5 Qb8 9. Qc6 Ne7 10. Bxe7 Bxe7 11. 0-0-0 Qc8 12. Nd5 Bd6 13. e4 0-0 14. Nf3 Re8 15. Bxc4 Rb8 16. Nxc7 Rb6 17. Qxb6 Nxb6 18. Nxe8 Bf4+ 19. Kb1 Qxc4 20. Rd8 Qxa2+ 21. Kc2 Qa4+ 0-1

[Event "Asuncion Roggio Cup-C 3rd"]
[Site "Asuncion"]
[Date "2010.05.22"]
[Round "3"]
[White "Chaves, Nicolas"]
[Black "Luzuriaga, Norberto Horacio"]
[Result "1-0"]
[WhiteElo "1700"]
[BlackElo "1885"]
[PlyCount "63"]
[EventDate "2010.05.20"]
[EventType "swiss"]
[EventRounds "9"]
[EventCountry "PAR"]
[SourceTitle "CBM 136 Extra"]
[Source "ChessBase"]
[SourceDate "2010.07.02"]
[SourceVersion "2"]
[SourceVersionDate "2010.07.15"]
[SourceQuality "1"]

1. e4 d6 2. f4 Nf6 3. Nc3 g6 4. Nf3 Bg7 5. Bc4 c6 6. d3 d5 7. Bb3 dxe4 8. dxe4 Qxd1+ 9. Kxd1 Na6 10. Be3 Ng4 11. Bg1 Nc7 12. h3 Nf6 13. g3 b5 14. a3 Bb7 15. Ke2 0-0 16. Bc5 Rfe8 17. Rhd1 Na6 18. Bf2 c5 19. e5 Ne4 20. Nxe4 Bxe4 21. Bxf7+ Kxf7 22. Ng5+ Kg8 23. Nxe4 Bf8 24. Rd7 Rec8 25. Rb7 Rcb8 26. Rxb8 Rxb8 27. Nxc5 Nxc5 28. Bxc5 Rc8 29. b4 Kf7 30. a4 a6 31. axb5 axb5 32. Ra5 1-0

[Event "Asuncion Preclasificatorio Mayor"]
[Site "Asuncion"]
[Date "2010.04.28"]
[Round "7"]
[White "Diaz, Fernando"]
[Black "Chaves, Nicolas"]
[Result "1-0"]
[WhiteElo "1999"]
[BlackElo "1700"]
[PlyCount "55"]
[EventDate "2010.04.05"]
[EventType "swiss"]
[EventRounds "9"]
[EventCountry "PAR"]
[SourceTitle "EXT 2023"]
[Source "ChessBase"]
[SourceDate "2022.10.05"]
[SourceVersion "1"]
[SourceVersionDate "2022.10.05"]
[SourceQuality "1"]

1. e4 e6 2. d4 d5 3. e5 c5 4. c3 Qb6 5. Nf3 Bd7 6. Na3 cxd4 7. cxd4 Bxa3 8. bxa3 Nc6 9. Bd3 Nxd4 10. 0-0 Nxf3+ 11. Qxf3 Ne7 12. Be3 Qc7 13. Qg3 Ng6 14. Bd4 0-0 15. h4 a6 16. h5 Ne7 17. Rfc1 Bc6 18. h6 Ng6 19. hxg7 Kxg7 20. Qh3 Qd8 21. g3 Rh8 22. f4 h5 23. f5 exf5 24. Qxf5 Be8 25. e6+ f6 26. Rc5 Rf8 27. Rxd5 Qc7 28. Rd7+ 1-0

[Event "Carlos Duria Memorial 4th"]
[Site "Asuncion"]
[Date "2010.01.20"]
[Round "1"]
[White "Chaves, Nicolas"]
[Black "Villalba, Marcelo"]
[Result "1-0"]
[WhiteElo "1700"]
[BlackElo "2061"]
[PlyCount "46"]
[EventDate "2010.01.20"]
[EventType "swiss"]
[EventRounds "9"]
[EventCountry "PAR"]
[SourceTitle "EXT 2023"]
[Source "ChessBase"]
[SourceDate "2022.10.05"]
[SourceVersion "1"]
[SourceVersionDate "2022.10.05"]
[SourceQuality "1"]

1. e4 e5 2. Nf3 Nc6 3. d4 exd4 4. Nxd4 Bc5 5. Nb3 Bb6 6. a4 Qf6 7. Qe2 a6 8. Nc3 Nge7 9. Nd5 Nxd5 10. exd5+ Ne7 11. h4 h6 12. c4 d6 13. g4 Qg6 14. Bh3 h5 15. Bg5 f6 16. gxh5 Qxh5 17. Bxc8 Rxc8 18. Be3 Nf5 19. Rh3 Kf7 20. Bxb6 cxb6 21. Qe6+ Kg6 22. Kd2 Rhe8 23. Qd7 Qe2+ 1-0

[Event "Asuncion-C 2nd"]
[Site "Asuncion"]
[Date "2009.07.06"]
[Round "8"]
[White "Chaves, Nicolas"]
[Black "Benitez, Jose Rodolfo"]
[Result "1-0"]
[WhiteElo "1650"]
[BlackElo "1839"]
[PlyCount "81"]
[EventDate "2009.06.28"]
[EventType "swiss"]
[EventRounds "9"]
[EventCountry "PAR"]
[SourceTitle "CBM 131 Extra"]
[Source "ChessBase"]
[SourceDate "2009.09.03"]
[SourceVersion "2"]
[SourceVersionDate "2009.09.16"]
[SourceQuality "1"]

1. e4 e6 2. d4 d5 3. exd5 exd5 4. Bd3 Nf6 5. h3 Bd6 6. Qf3 0-0 7. Ne2 h6 8. Bf4 Re8 9. 0-0 c6 10. Nd2 Qc7 11. Rfe1 b6 12. Bxh6 Be6 13. Bg5 Nbd7 14. Nf4 c5 15. c3 Re7 16. Nh5 Nxh5 17. Qxh5 Nf8 18. Bxe7 Qxe7 19. Nf3 Qf6 20. Qg5 Bf4 21. Qxf6 gxf6 22. g3 Bd6 23. Kg2 Kg7 24. Nh4 Bc7 25. f4 Bd7 26. Nf5+ Kh8 27. a4 Ne6 28. Kf2 a6 29. b4 cxd4 30. cxd4 Re8 31. Bxa6 Ra8 32. Bb7 Rxa4 33. Rxa4 Bxa4 34. Bxd5 Ng7 35. Nxg7 Kxg7 36. Re7 Bd6 37. Rxf7+ Kg6 38. Rb7 b5 39. Be4+ f5 40. Rb6 fxe4 41. Rxd6+ 1-0

[Event "Asuncion-C 2nd"]
[Site "Asuncion"]
[Date "2009.07.03"]
[Round "6"]
[White "Chaves, Nicolas"]
[Black "Lipiniks, Leonardo"]
[Result "1/2-1/2"]
[WhiteElo "1650"]
[BlackElo "1892"]
[PlyCount "63"]
[EventDate "2009.06.28"]
[EventType "swiss"]
[EventRounds "9"]
[EventCountry "PAR"]
[SourceTitle "CBM 131 Extra"]
[Source "ChessBase"]
[SourceDate "2009.09.03"]
[SourceVersion "2"]
[SourceVersionDate "2009.09.16"]
[SourceQuality "1"]

1. e4 e5 2. Nf3 d6 3. d4 exd4 4. Nxd4 Nf6 5. Nc3 Nc6 6. Bb5 Bd7 7. 0-0 Nxd4 8. Bxd7+ Qxd7 9. Qxd4 Be7 10. b3 c6 11. Ba3 b5 12. Rad1 c5 13. Bxc5 dxc5 14. Qxd7+ Nxd7 15. Nxb5 0-0-0 16. Nxa7+ Kb7 17. Nb5 Nf6 18. Nc3 Kc6 19. f3 Rd4 20. Ne2 Rxd1 21. Rxd1 Rd8 22. Rxd8 Bxd8 23. Nc1 c4 24. Kf1 Kc5 25. c3 cxb3 26. axb3 Nd7 27. Nd3+ Kd6 28. Nf4 Nc5 29. b4 Na4 30. Nd5 Nb6 31. Ne3 Kc6 32. Ke2 1/2-1/2

[Event "Pan American-ch U12 21th"]
[Site "Villa Carlos Paz"]
[Date "2008.07.03"]
[Round "5"]
[White "Chaves, Nicolas"]
[Black "Camargo, Santiago"]
[Result "1/2-1/2"]
[WhiteElo "1673"]
[BlackElo "2158"]
[PlyCount "51"]
[EventDate "2008.06.30"]
[EventType "swiss"]
[EventRounds "9"]
[EventCountry "ARG"]
[SourceTitle "EXT 2022"]
[Source "ChessBase"]
[SourceDate "2021.10.06"]
[SourceVersion "1"]
[SourceVersionDate "2021.10.06"]
[SourceQuality "1"]

1. e4 c5 2. c4 d6 3. g3 e6 4. Bg2 Nf6 5. Nc3 a6 6. Nge2 Nbd7 7. 0-0 Be7 8. d3 Rb8 9. Be3 b5 10. b3 0-0 11. h3 h6 12. Rb1 Qc7 13. Qd2 b4 14. Na4 Bb7 15. Qc2 Rfc8 16. Rfc1 Bc6 17. Nb2 Nb6 18. f4 a5 19. Re1 Ra8 20. Ra1 a4 21. d4 Ra7 22. e5 Nfd7 23. exd6 Bxd6 24. dxc5 Nxc5 25. Bxc6 Qxc6 26. Nd4 1/2-1/2